Statistics for Alphabet Breadcrumb Trail #7

Click here to take the quiz!

General Stats

  • This quiz has been taken 1,038 times
  • The average score is 14 of 26

Answer Stats

HintAnswer% Correct
YWalled English cityYork
91%
JNipponJapan
89%
BPlace to drink an MBar
86%
MOne of a New Y fiveManhattan
79%
HOscar winner HelenHunt
77%
KCity anagram of J's capitalKyoto
76%
DGoddess of the HDiana
73%
SSwordsman from JSamurai
70%
LCommon B garnishLime
68%
QWith step, a danceQuick
64%
PWales' D?Princess
61%
RBaby Love's DRoss
50%
TSticky stuff found in A?Tar
50%
WMighty S, eg.Warrior
48%
FRhyme of TFar
47%
NAntonym of FNear
45%
EAnagram of NEarn
43%
UHomophone of EUrn
41%
VSynonym of UVase
38%
XFamous W PXena
38%
AWhere R Sea isAntarctica
35%
CRhyme (in the US) of VCase
34%
OQ L, with CalciumOxide
18%
ZPrefix of OZinc
16%
I¾ of Z (spelling adjusted)Ink
11%
GPossessive CGenitive
7%

Score Distribution

Percentile by Number Answered

Percent of People with Each Score

Your Score History

You have not taken this quiz